| 000 | 00557nam a2200169 a 4500 | ||
|---|---|---|---|
| 005 | 20140412111222.0 | ||
| 008 | 020530s19uu xx 00 eng d | ||
| 050 |
_aER _bWh55 1984 |
||
| 100 | _aBerry, Joy | ||
| 245 |
_aWhat to do when your mom or dad says . . : _bturn off the water & lights! / _cwritten by Joy Berry ; pictures by Bartholomew. |
||
| 260 |
_aU. S. A : _bWord, DMS, _c1984. |
||
| 300 | _a48 p. ; ill. | ||
| 440 | _aThe Survival Series for Kids | ||
| 650 |
_aConservation _xFiction |
||
| 650 |
_aChildren stories _xFiction |
||
| 999 |
_c101963 _d101963 |
||